000 00369 a2200157 4500
001 154006
040 _cEscola São Tomás de Aquino
100 _aCAGLIARI, Luiz Carlos.
240 1 0 _aAlfabetização & Linguistica
_lpor
245 1 0 _aAlfabetização & Linguistica
300 _a189
362 0 _a1992
440 1 _aScipione
697 _aEducação
942 _cBK
999 _c154006
_d154006